100 + 1 vzorů korespodence s finančními úřady moderní pohled na správu daní

Na minha lista:
Detalhes bibliográficos
Autor principal: Prudký, Pavel
Outros Autores: Lošťák, Milan
Formato: Livro
Idioma:tcheco
Publicado em: Olomouc Nakladatelství ANAG 2008
Edição:6. aktualiz. vyd.
Assuntos:
Tags: Adicionar Tag
Sem tags, seja o primeiro a adicionar uma tag!

MARC

LEADER 00000nam$a2200000$$$4500
001 0077820
005 20230717102245.3
020 |a 978-80-7263-451-4 
041 0 |a cze 
044 |a CZ 
245 1 0 |a 100 + 1 vzorů korespodence s finančními úřady  |b moderní pohled na správu daní  |c Pavel Prudký, Milan Lošťák 
250 |a 6. aktualiz. vyd. 
264 1 |a Olomouc  |b Nakladatelství ANAG  |c 2008 
300 |a 239 s. 
610 2 0 |a orgány finančné 
610 2 0 |a správa daňová 
610 2 0 |a korešpondencia 
610 2 0 |a formuláre 
610 2 0 |a dane 
610 2 0 |a politika daňová 
610 2 0 |a prostriedky opravné 
610 2 0 |a poplatky 
610 2 0 |a zákony 
610 2 0 |a administratíva 
610 2 0 |a Česko 
100 1 |a Prudký, Pavel 
700 1 |a Lošťák, Milan